| 000 | 01078cam a2200277 a 4500 | ||
|---|---|---|---|
| 999 |
_c3068 _d3068 |
||
| 003 | OSt | ||
| 005 | 20210810124220.0 | ||
| 008 | 010518s2001 mauab b 001 0 eng | ||
| 020 | _a0618045376 (v. 1) | ||
| 020 | _a0618045384 (v. 2) | ||
| 040 | _cDLC | ||
| 043 | _af------ | ||
| 050 | 0 | 0 |
_aCB245 _b.H85 2001 |
| 245 | 0 | 4 |
_aThe humanities : _bcultural roots and continuities / _cMary Ann Frese Witt ... [et al.] ; with the collaboration of John Cell, Herbert L. Bodman, Jr. |
| 250 | _a6th ed. | ||
| 260 |
_aBoston : _bHoughton Mifflin, _cc2001. |
||
| 300 |
_a2 v. : _bill. (some col.), maps ; _c28 cm. |
||
| 504 | _aIncludes bibliographical references and indexes. | ||
| 650 | 0 |
_aCivilization, Western _xHistory. |
|
| 650 | 0 |
_aCivilization, Western _xHistory _vSources. |
|
| 650 | 0 | _aHumanities. | |
| 700 | 1 | _aWitt, Mary Ann Frese. | |
| 906 |
_a7 _bcbc _corigcop _d2 _encip _f20 _gy-gencatlg |
||
| 942 |
_2lcc _cBK _nMM |
||